Nghiên cứu mối tương quan về sự tích lũy kim loại nặng trong đất và trong hai loài giun đất Pheretima modigliani Rosa, 1889 và Pontoscolex corethrurus Miiller. 1856 ở một số vùng đất của thành phố Đà Nẵng
Tổng quan tài liệu. Đối tượng, địa điểm và phương pháp nghiên cứu. Kết quả nghiên cứu và bàn luận
Na minha lista:
| Autor principal: | |
|---|---|
| Outros Autores: | |
| Formato: | Livro |
| Idioma: | Vietnamese |
| Publicado em: |
Đà Nẵng
Đại học Đà Nẵng
2011
|
| Assuntos: | |
| Tags: |
Adicionar Tag
Sem tags, seja o primeiro a adicionar uma tag!
|
| Thư viện lưu trữ: | Mạng thư viện Đại học Đà Nẵng |
|---|
| LEADER | 01676nam a2200361 4500 | ||
|---|---|---|---|
| 001 | 000010557 | ||
| 003 | 6762 | ||
| 005 | 20111215141257.0 | ||
| 008 | 111215s2011 viesd | ||
| 041 | |a vie | ||
| 072 | |a Luận văn Thạc sĩ khoa học | ||
| 082 | |a 363.7396 |b VO-N | ||
| 100 | 1 | |a Võ Thị Minh Nguyệt | |
| 245 | 1 | |a Nghiên cứu mối tương quan về sự tích lũy kim loại nặng trong đất và trong hai loài giun đất Pheretima modigliani Rosa, 1889 và Pontoscolex corethrurus Miiller. 1856 ở một số vùng đất của thành phố Đà Nẵng |c Võ Thị Minh Nguyệt | |
| 260 | |a Đà Nẵng |b Đại học Đà Nẵng |c 2011 | ||
| 300 | |a 45 tr |b bảng, hình |c 29 cm |e 1 tóm tắt, 1 đĩa CD | ||
| 500 | |a Luận văn Thạc sĩ Khoa học. Chuyên ngành: Hóa hữu cơ. Mã số: 60.44.27 | ||
| 520 | |a Tổng quan tài liệu. Đối tượng, địa điểm và phương pháp nghiên cứu. Kết quả nghiên cứu và bàn luận | ||
| 653 | |a loại giun đất | ||
| 653 | |a Luận văn Thạc sĩ Hóa hữu cơ | ||
| 653 | |a Môi trường đất | ||
| 653 | |a Hóa học | ||
| 700 | 1 | |a Phạm Thị Hồng Hà |c TS |e Hướng dẫn | |
| OWN | |a LSP | ||
| AVA | |a UDN50 |b LSP |d 363.7396 VO-N |e available |t Error 5001 Not defined in file expand_doc_bib_avail. |f 1 |g 0 |h N |i 0 |k 1 | ||
| 999 | |a From the UDN01 | ||
| AVA | |a UDN50 |b LSP |d 363.7396 VO-N |e available |t Error 5001 Not defined in file expand_doc_bib_avail. |f 1 |g 0 |h N |i 0 |k 1 | ||
| TYP | |a Monograph | ||
| TYP | |a Printed language | ||
| 980 | |a Mạng thư viện Đại học Đà Nẵng | ||